Pigment of the imagination : (Record no. 2167)

MARC details
000 -LEADER
fixed length control field 00879nam a2200253 4500
001 - CONTROL NUMBER
control field 1071799
005 - DATE AND TIME OF LATEST TRANSACTION
control field 20150216120354.0
008 - FIXED-LENGTH DATA ELEMENTS--GENERAL INFORMATION
fixed length control field 000
010 ## - LIBRARY OF CONGRESS CONTROL NUMBER
LC control number 91038325
020 ## - INTERNATIONAL STANDARD BOOK NUMBER
International Standard Book Number 0126144451 (acidfree paper)
040 ## - CATALOGING SOURCE
Original cataloging agency UOEL
Transcribing agency DLC
Modifying agency DLC
050 00 - LIBRARY OF CONGRESS CALL NUMBER
Classification number QK898.P67
Item number S24 1992
082 00 - DEWEY DECIMAL CLASSIFICATION NUMBER
Classification number 581.19/218
Edition number 20
100 1# - MAIN ENTRY--PERSONAL NAME
Personal name Sage, Linda C.
245 10 - TITLE STATEMENT
Title Pigment of the imagination :
Remainder of title a history of phytochrome research /
Statement of responsibility, etc Linda C. Sage.
260 ## - PUBLICATION, DISTRIBUTION, ETC. (IMPRINT)
Place of publication, distribution, etc San Diego :
Name of publisher, distributor, etc Academic Press,
Date of publication, distribution, etc c1992.
300 ## - PHYSICAL DESCRIPTION
Extent xx, 562 p. :
Other physical details ill. ;
Dimensions 24 cm.
504 ## - BIBLIOGRAPHY, ETC. NOTE
Bibliography, etc Includes bibliographical references and index.
650 #0 - SUBJECT ADDED ENTRY--TOPICAL TERM
Topical term or geographic name as entry element Phytochrome.
General subdivision Botany
Topical term or geographic name as entry element Phytochrome
General subdivision Botany
-- History.
906 ## - LOCAL DATA ELEMENT F, LDF (RLIN)
a 7
b cbc
c orignew
d 1
e ocip
f 19
g y-gencatlg
942 ## - ADDED ENTRY ELEMENTS (KOHA)
Source of classification or shelving scheme Library of Congress Classification
Item type Loan - Normal on open shelf
Holdings
Withdrawn status Lost status Source of classification or shelving scheme Damaged status Not for loan Home library Current library Shelving location Date acquired Total Checkouts Full call number Barcode Date last seen Copy number Price effective from Koha item type
    Library of Congress Classification     UOE Main Library UOE Main Library Open shelf 16/02/2015   QK898.P67 S24 1992 10053381 27/04/2026 10053381 16/02/2015 Loan - Normal on open shelf